Highest scoring player in every season on fantasy premier league - Statistics

General Stats
  • This quiz has been taken 81 times
  • The average score is 21 of 23
Answer Stats
Season Position Starting price Club Points Answer % Correct
2002-03 Forward 11M£ Arsenal 271 Thierry Henry
100%
2003-04 Forward 11M£ Arsenal 242 Thierry Henry
100%
2004-05 Midfielder 10M£ Chelsea 269 Frank Lampard
99%
2005-06 Forward 14M£ Arsenal 239 Thierry Henry
99%
2008-09 Midfielder 11M£ Chelsea 226 Frank Lampard
95%
2009-10 Midfielder 11M£ Chelsea 284 Frank Lampard
95%
2006-07 Midfielder 10M£ Manchester United 244 Cristiano Ronaldo
93%
2007-08 Midfielder 12M£ Manchester United 283 Cristiano Ronaldo
93%
2022-23 Forward 11.5M£ Manchester City 272 Erling Haaland
93%
2024-25 Midfielder 12.5M£ Liverpool 344 Mohammed Salah
93%
2015-16 Midfielder 5.5M£ Leicester City 240 Riyad Mahrez
93%
2023-24 Midfielder 5M£ Chelsea 244 Cole Palmer
92%
2017-18 Midfielder 9M£ Liverpool 303 Mohammed Salah
92%
2018-19 Midfielder 13M£ Liverpool 259 Mohammed Salah
92%
2021-22 Midfielder 12.5M£ Liverpool 265 Mohammed Salah
92%
2020-21 Midfielder 10.5M£ Manchester United 244 Bruno Fernandes
89%
2019-20 Midfielder 9.5M£ Manchester City 251 Kevin De Bruyne
89%
2013-14 Forward 11M£ Liverpool 295 Luis Suárez
89%
2011-12 Forward 12M£ Arsenal 269 Robin Van Persie
84%
2012-13 Forward 13M£ Manchester United 262 Robin Van Persie
84%
2016-17 Midfielder 11M£ Arsenal 264 Alexis Sánchez
80%
2014-15 Midfielder 10M£ Chelsea 233 Eden Hazard
78%
2010-11 Midfielder 8M£ Manchester United 198 Luis Nani
63%
No matching quizzes found
Score Distribution
Percent of People with Each Score
Percentile by Number Answered
Your Score History
You have not taken this quiz